000 00881nam a2200169Ia 4500
008 090711s9999 xx 000 0 und d
082 _b79861
100 _aशिलेदार जुझारसिंघ / परिहार विठ्ठलसिंग
245 _aखेळ संSाालन व क्रिडा मार्गदर्शन
260 _bअभय प्रकाशन
_c1996
300 _a259
600 _aशिलेदार जुझारसिंघ / परिहार विठ्ठलसिंग
630 _aखेळ संSाालन व क्रिडा मार्गदर्शन
700 _aशिलेदार जुझारसिंघ / परिहार विठ्ठलसिंग
730 _aखेळ संSाालन व क्रिडा मार्गदर्शन
942 _cBOOK
999 _c320993
_d320993